000 00717nam a22002177a 4500
005 2010080205235.0
010 _aENG-97718
020 _a9788176567138
_c225.00
035 _aEN-81250
037 _bDBAD/PUB
082 _a005.43
100 _aJain, Satish
_91584
245 _aIT tools and business systems ;
_cby Satish Jain...[et. al]
_balso covers syllabus for A 1-R 4 papers of DOEACC 'A' lavel examination /
260 _aNew Delhi
_c2010
_bBPP Publications
270 _aB-14, Connaught Place
_bNew Delhi
_e110001
300 _axxii, 450 p.
_c28cm (Pbk)
650 _aComputer programimng
_94296
650 _aOperating systems
_94297
700 _94133
942 _2ddc
_cEN
_h005.43
_mJAN
999 _c38689
_d38689